000 00439nam a22001817a 4500
003 LK-CoDNM
005 20240123143047.0
008 240123b |||||||| |||| 00| 0 eng d
020 _a9786240018869
040 _aLK-CoDNM
_dLK-CoDNM
_eLK-CoDNM
041 _aeng
080 _a8 - 31
_bNIS
100 _aNissanka,S.A.
245 _aDrugged
260 _aColombo
_bS.Godage & Brothers Pvt Ltd
300 _a236p.,21cm
942 _n0
_cBK
999 _c144572
_d144572